[Event "Bad Woerishofen Seniors op 30th"]
[Site "Bad Woerishofen"]
[Date "2014.03.24"]
[Round "4"]
[White "Di Lazzaro, Gabriele"]
[Black "Rahn, Oskar"]
[Result "1-0"]
[WhiteElo "1936"]
[BlackElo "2123"]
[PlyCount "79"]
[EventDate "2014.03.21"]
[EventType "swiss"]
[EventRounds "9"]
[EventCountry "GER"]
[SourceTitle "EXT 2019"]
[Source "ChessBase"]
[SourceDate "2018.10.10"]
[SourceVersion "1"]
[SourceVersionDate "2018.10.10"]
[SourceQuality "1"]

1. d4 Nf6 2. Nc3 d5 3. Bg5 e6 4. e4 dxe4 5. Nxe4 Be7 6. Bxf6 gxf6 7. Nf3 b6 8. Bc4 Bb7 9. Qe2 f5 10. Ng3 Qd6 11. 0-0-0 Nd7 12. Kb1 Bd5 13. Bxd5 Qxd5 14. c4 Qd6 15. Rhe1 h5 16. d5 h4 17. dxe6 Qxe6 18. Qc2 hxg3 19. Rxe6 fxe6 20. hxg3 0-0-0 21. Qe2 Nc5 22. Rxd8+ Bxd8 23. Nd2 a5 24. f3 Rh1+ 25. Kc2 Bf6 26. Nb3 Kd7 27. Nxc5+ bxc5 28. Qd2+ Bd4 29. Qxa5 Rf1 30. b4 cxb4 31. Qb5+ c6 32. Qxb4 Rf2+ 33. Kd3 c5 34. Qb7+ Kd6 35. a4 Rb2 36. Qc8 Rb3+ 37. Kd2 Rb2+ 38. Kc1 Rxg2 39. a5 Ra2 40. a6 1-0

[Event "Bad Woerishofen Seniors op 28th"]
[Site "Bad Woerishofen"]
[Date "2012.03.05"]
[Round "4.2"]
[White "Rahn, Oskar"]
[Black "Goy, Udo"]
[Result "0-1"]
[WhiteElo "1993"]
[BlackElo "2109"]
[PlyCount "86"]
[EventDate "2012.03.02"]
[EventType "swiss"]
[EventRounds "9"]
[EventCountry "GER"]
[SourceTitle "EXT 2022"]
[Source "ChessBase"]
[SourceDate "2021.10.06"]
[SourceVersion "1"]
[SourceVersionDate "2021.10.06"]
[SourceQuality "1"]

1. e4 c6 2. c4 d6 3. d4 Nf6 4. Nc3 Qc7 5. f4 e5 6. Nf3 Nbd7 7. d5 Be7 8. Be2 0-0 9. 0-0 Qb6+ 10. Kh1 Ng4 11. Na4 Qc7 12. h3 Ngf6 13. Nc3 Nh5 14. fxe5 Ng3+ 15. Kg1 Nxf1 16. exd6 Bxd6 17. Bxf1 Re8 18. Bd3 Ne5 19. Be3 Qe7 20. Bd4 f6 21. Nxe5 fxe5 22. Be3 Bc5 23. Qe1 Bxh3 24. Bxc5 Qxc5+ 25. Kh2 Bd7 26. Rd1 Rf8 27. Qg3 Rae8 28. Rf1 Qe7 29. Rxf8+ Rxf8 30. c5 Rf4 31. d6 Qh4+ 32. Qxh4 Rxh4+ 33. Kg3 Rg4+ 34. Kf3 Rf4+ 35. Ke3 Rf6 36. b4 Kf8 37. a4 Ke8 38. b5 b6 39. bxc6 Bxc6 40. Nd5 Bxd5 41. exd5 bxc5 42. Bb5+ Kd8 43. d7 Rf4 0-1

[Event "Bayern-ch Seniors 21st"]
[Site "Bergen"]
[Date "2009.06.26"]
[Round "7"]
[White "Straub, Peter"]
[Black "Rahn, Oskar"]
[Result "1/2-1/2"]
[WhiteElo "2019"]
[BlackElo "2002"]
[PlyCount "27"]
[EventDate "2009.06.20"]
[EventType "swiss"]
[EventRounds "9"]
[EventCountry "GER"]
[SourceTitle "EXT 2015"]
[Source "ChessBase"]
[SourceDate "2014.11.20"]
[SourceVersion "1"]
[SourceVersionDate "2014.11.20"]
[SourceQuality "1"]

1. d4 d5 2. c4 dxc4 3. Nf3 Nf6 4. g3 c5 5. Qa4+ Nc6 6. Bg2 cxd4 7. Nxd4 Qxd4 8. Bxc6+ Bd7 9. Bxd7+ Qxd7 10. Qxd7+ Nxd7 11. Be3 e6 12. 0-0 Bc5 13. Bxc5 Nxc5 14. Na3 1/2-1/2

[Event "Bayern-ch Seniors 21st"]
[Site "Bergen"]
[Date "2009.06.21"]
[Round "2"]
[White "Rahn, Oskar"]
[Black "Babichev, Vyacheslav"]
[Result "1-0"]
[WhiteElo "2002"]
[BlackElo "1718"]
[PlyCount "51"]
[EventDate "2009.06.20"]
[EventType "swiss"]
[EventRounds "9"]
[EventCountry "GER"]
[SourceTitle "EXT 2015"]
[Source "ChessBase"]
[SourceDate "2014.11.20"]
[SourceVersion "1"]
[SourceVersionDate "2014.11.20"]
[SourceQuality "1"]

1. e4 d6 2. d4 g6 3. Nc3 Bg7 4. Be3 Nf6 5. f3 0-0 6. Qd2 Nc6 7. 0-0-0 a6 8. Bh6 Bxh6 9. Qxh6 e5 10. Nge2 b5 11. g4 exd4 12. Nxd4 Ne5 13. Rg1 c5 14. Nf5 Bxf5 15. gxf5 Ra7 16. Be2 b4 17. Nd5 Nxd5 18. Rxd5 Qf6 19. f4 Nc6 20. fxg6 fxg6 21. Rf5 Qg7 22. Bc4+ Raf7 23. Qxg7+ Kxg7 24. Rxf7+ Rxf7 25. Bxf7 Kxf7 26. c3 1-0

[Event "Bad Woerishofen op 25th"]
[Site "Bad Woerishofen"]
[Date "2009.03.08"]
[Round "4"]
[White "Rahn, Oskar"]
[Black "Reinke, Kurt"]
[Result "1-0"]
[WhiteElo "2118"]
[BlackElo "1956"]
[PlyCount "63"]
[EventDate "2009.03.05"]
[EventType "swiss"]
[EventRounds "9"]
[EventCountry "GER"]
[SourceTitle "CBM 129 Extra"]
[Source "ChessBase"]
[SourceDate "2009.05.05"]
[SourceVersion "2"]
[SourceVersionDate "2009.05.20"]
[SourceQuality "1"]

1. e4 c5 2. Nf3 d6 3. d4 cxd4 4. Nxd4 Nf6 5. Nc3 a6 6. Be2 e5 7. Nb3 Be6 8. Be3 Nbd7 9. 0-0 Be7 10. f3 b5 11. a3 Rc8 12. a4 b4 13. Nd5 Nxd5 14. exd5 Bf5 15. Bd3 Bxd3 16. Qxd3 0-0 17. Qxa6 Rxc2 18. Rf2 Rxf2 19. Bxf2 Nc5 20. Qc4 Qc8 21. a5 Qa8 22. a6 Rc8 23. Na5 Bf6 24. Nc6 e4 25. a7 Re8 26. fxe4 Bxb2 27. Rb1 Bc3 28. e5 Qc8 29. exd6 Kh8 30. Ne7 Qa6 31. Qxa6 Nxa6 32. d7 1-0

[Event "Bayern-ch Seniors 20th"]
[Site "Bergen"]
[Date "2008.06.14"]
[Round "8.3"]
[White "Baum, Bernd"]
[Black "Rahn, Oskar"]
[Result "1/2-1/2"]
[WhiteElo "2153"]
[BlackElo "1966"]
[PlyCount "82"]
[EventDate "2008.06.07"]
[EventType "swiss"]
[EventRounds "9"]
[EventCountry "GER"]
[SourceTitle "EXT 2022"]
[Source "ChessBase"]
[SourceDate "2021.10.06"]
[SourceVersion "1"]
[SourceVersionDate "2021.10.06"]
[SourceQuality "1"]

1. d4 Nf6 2. Bg5 Ne4 3. Bf4 d5 4. e3 e6 5. Bd3 Bd6 6. Nd2 Nxd2 7. Qxd2 c5 8. Bxd6 Qxd6 9. f4 Nd7 10. c3 f5 11. Nf3 Nf6 12. Ne5 Bd7 13. 0-0 0-0 14. Qe2 Be8 15. g4 Nxg4 16. Nxg4 fxg4 17. Qxg4 Rf6 18. Kh1 Bg6 19. Rg1 c4 20. Bc2 Qe7 21. Qe2 Raf8 22. Bxg6 Rxg6 23. Rxg6 hxg6 24. Rg1 Rf6 25. Rg4 Qe8 26. Qg2 Qa4 27. h4 Qd1+ 28. Kh2 Qd3 29. Rg3 Kf8 30. Qf2 Kf7 31. Rg2 Rf5 32. Qe2 Qe4 33. Rg4 Rf6 34. Rg2 Rf5 35. Kg3 Rh5 36. Rh2 a6 37. Qf3 Qb1 38. Re2 Qd3 39. a3 b6 40. Qf2 Qe4 41. Qg2 Qd3 1/2-1/2

[Event "Bayern-ch Seniors 20th"]
[Site "Bergen"]
[Date "2008.06.10"]
[Round "4.3"]
[White "Goy, Udo"]
[Black "Rahn, Oskar"]
[Result "0-1"]
[WhiteElo "2107"]
[BlackElo "1966"]
[PlyCount "64"]
[EventDate "2008.06.07"]
[EventType "swiss"]
[EventRounds "9"]
[EventCountry "GER"]
[SourceTitle "EXT 2022"]
[Source "ChessBase"]
[SourceDate "2021.10.06"]
[SourceVersion "1"]
[SourceVersionDate "2021.10.06"]
[SourceQuality "1"]

1. d4 Nf6 2. c4 e6 3. Nc3 d5 4. Nf3 Be7 5. Bg5 Nbd7 6. e3 h6 7. Bh4 0-0 8. Rc1 c6 9. Bd3 dxc4 10. Bxc4 Nd5 11. Bg3 Nxc3 12. bxc3 b6 13. 0-0 Bb7 14. e4 Nf6 15. Qe2 c5 16. Bd3 c4 17. Bc2 b5 18. Rb1 a6 19. Bf4 Qa5 20. Rfc1 Rac8 21. e5 Nd7 22. Qe3 Rfe8 23. Nd2 Qd8 24. Ne4 Nf8 25. Re1 Ng6 26. Bg3 Qd5 27. f3 Nf8 28. h4 Qd8 29. h5 Bxe4 30. Bxe4 Rb8 31. Bc6 Nd7 32. d5 Bc5 0-1

[Event "Bayern-ch Seniors 20th"]
[Site "Bergen"]
[Date "2008.06.08"]
[Round "2.8"]
[White "Bilyavskyy, Borys"]
[Black "Rahn, Oskar"]
[Result "1/2-1/2"]
[WhiteElo "1820"]
[BlackElo "1966"]
[PlyCount "82"]
[EventDate "2008.06.07"]
[EventType "swiss"]
[EventRounds "9"]
[EventCountry "GER"]
[SourceTitle "EXT 2022"]
[Source "ChessBase"]
[SourceDate "2021.10.06"]
[SourceVersion "1"]
[SourceVersionDate "2021.10.06"]
[SourceQuality "1"]

1. d4 d5 2. c4 dxc4 3. e4 e5 4. d5 Nf6 5. Nc3 Bd6 6. Bxc4 a6 7. a4 Nbd7 8. Be3 Qe7 9. f3 Bc5 10. Qd2 Bxe3 11. Qxe3 Qb4 12. Qe2 Nc5 13. g4 h6 14. Nh3 Bd7 15. 0-0 0-0 16. Nf2 Nxa4 17. Nxa4 Bxa4 18. Rfc1 Bd7 19. Nd3 Qd6 20. Qg2 g5 21. Qg3 Rfe8 22. h4 Nh7 23. Kg2 gxh4 24. Qxh4 Qf6 25. Qxf6 Nxf6 26. Rh1 Kg7 27. Rh4 Ng8 28. Nc5 Bc8 29. Rc1 b6 30. Nd3 f6 31. Ra1 a5 32. Bb5 Re7 33. Bc6 Rb8 34. Rhh1 Bd7 35. Rhc1 Bxc6 36. Rxc6 Rd7 37. Rac1 Rb7 38. f4 Re7 39. Kf3 Ra7 40. R1c3 Kf7 41. f5 Rd7 1/2-1/2

[Event "Bad Woerishofen Seniors op 24th"]
[Site "Bad Woerishofen"]
[Date "2008.03.07"]
[Round "9"]
[White "Budt, Karl Heinz"]
[Black "Rahn, Oskar"]
[Result "0-1"]
[WhiteElo "1935"]
[BlackElo "1973"]
[PlyCount "120"]
[EventDate "2008.02.28"]
[EventType "swiss"]
[EventRounds "9"]
[EventCountry "GER"]
[SourceTitle "EXT 2022"]
[Source "ChessBase"]
[SourceDate "2021.10.06"]
[SourceVersion "1"]
[SourceVersionDate "2021.10.06"]
[SourceQuality "1"]

1. c4 e5 2. Nc3 Nf6 3. Nf3 Nc6 4. e4 Bc5 5. Nxe5 Nxe5 6. d4 Bb4 7. dxe5 Nxe4 8. Qd4 Nxc3 9. bxc3 Be7 10. Bd3 d6 11. exd6 Qxd6 12. 0-0 Qxd4 13. cxd4 0-0 14. Re1 Bf6 15. Ba3 Rd8 16. Be7 Bxe7 17. Rxe7 Bd7 18. Rae1 Re8 19. Kf1 Rxe7 20. Rxe7 Rd8 21. Ke2 Kf8 22. Re5 Re8 23. Rxe8+ Bxe8 24. Be4 b6 25. Ke3 h6 26. c5 Ke7 27. f4 f6 28. Kd2 g5 29. g3 Bd7 30. Kc3 Be8 31. a3 Bf7 32. h4 Be8 33. d5 Bd7 34. d6+ cxd6 35. c6 Bc8 36. Bd5 Kd8 37. a4 a5 38. Kd3 Kc7 39. Kd4 Bg4 40. fxg5 fxg5 41. Ke4 Bd1 42. Kf5 Bxa4 43. Kg6 Bxc6 44. Ba2 gxh4 45. gxh4 b5 46. Kxh6 Be8 47. Kg7 Bh5 48. Kh6 Be2 49. Kg5 a4 50. Kf4 b4 51. Ke3 Bh5 52. Kd4 b3 53. Bb1 a3 54. Kc3 a2 55. Bxa2 bxa2 56. Kb2 Kc6 57. Kxa2 Kc5 58. Kb2 Kd4 59. Kc1 Ke3 60. Kc2 d5 0-1

[Event "Bad Woerishofen Seniors op 24th"]
[Site "Bad Woerishofen"]
[Date "2008.02.28"]
[Round "1"]
[White "Frey, Walter"]
[Black "Rahn, Oskar"]
[Result "1/2-1/2"]
[WhiteElo "1690"]
[BlackElo "1973"]
[PlyCount "78"]
[EventDate "2008.02.28"]
[EventType "swiss"]
[EventRounds "9"]
[EventCountry "GER"]
[SourceTitle "EXT 2022"]
[Source "ChessBase"]
[SourceDate "2021.10.06"]
[SourceVersion "1"]
[SourceVersionDate "2021.10.06"]
[SourceQuality "1"]

1. d4 d5 2. Nf3 e6 3. Bf4 Bd6 4. Bg3 Ne7 5. e3 Nf5 6. Bxd6 Nxd6 7. Nbd2 Nd7 8. Bd3 c5 9. c3 f5 10. h4 Qf6 11. g3 Ne4 12. Qe2 a6 13. a4 b6 14. Ng5 Nxg5 15. hxg5 Qxg5 16. Qh5+ Qxh5 17. Rxh5 Nf6 18. Rh1 Bd7 19. Nf3 Ng4 20. Be2 Ke7 21. Ne5 Nxe5 22. dxe5 h6 23. f4 a5 24. b3 Rhb8 25. c4 Bc6 26. Bf3 Rd8 27. Ke2 Rac8 28. Rac1 d4 29. Bxc6 Rxc6 30. Rhd1 dxe3 31. Rxd8 Kxd8 32. Rd1+ Ke7 33. Kxe3 Rc7 34. Rd6 Rb7 35. Ke2 g5 36. Kf3 g4+ 37. Kf2 h5 38. Kg2 Rb8 39. Kf2 Rb7 1/2-1/2

[Event "Seefeld op 18th"]
[Site "Seefeld"]
[Date "2007.09.09"]
[Round "9"]
[White "Kesik, Klaus Dieter"]
[Black "Rahn, Oskar"]
[Result "1-0"]
[WhiteElo "2332"]
[BlackElo "2122"]
[PlyCount "71"]
[EventDate "2007.09.01"]
[EventType "swiss"]
[EventRounds "9"]
[EventCountry "AUT"]
[SourceTitle "EXT 2009"]
[Source "ChessBase"]
[SourceDate "2008.11.26"]
[SourceVersion "1"]
[SourceVersionDate "2008.11.26"]
[SourceQuality "1"]

1. d4 Nf6 2. Bg5 Ne4 3. Bf4 d5 4. f3 Nf6 5. e4 dxe4 6. Nc3 e6 7. fxe4 Bb4 8. Qd3 c5 9. a3 Bxc3+ 10. bxc3 Nc6 11. Nf3 Qe7 12. Be2 0-0 13. Bg5 h6 14. Bh4 g5 15. Nxg5 Nxe4 16. Nf3 Ng5 17. Bf2 cxd4 18. cxd4 e5 19. Nxg5 hxg5 20. d5 Nd4 21. Bxd4 exd4 22. 0-0 Bd7 23. Rf2 Rac8 24. Qxd4 Rxc2 25. d6 Qd8 26. Raf1 Be6 27. Qe4 Rxe2 28. Qxe2 Qxd6 29. Qh5 Qc5 30. Kh1 Kg7 31. Rf6 b6 32. a4 a5 33. h3 g4 34. Qh6+ Kg8 35. hxg4 Re8 36. Rg6+ 1-0

[Event "Seefeld op 18th"]
[Site "Seefeld"]
[Date "2007.09.02"]
[Round "2"]
[White "Nolte, Wilhelm"]
[Black "Rahn, Oskar"]
[Result "0-1"]
[WhiteElo "1775"]
[BlackElo "2122"]
[PlyCount "90"]
[EventDate "2007.09.01"]
[EventType "swiss"]
[EventRounds "9"]
[EventCountry "AUT"]
[SourceTitle "EXT 2009"]
[Source "ChessBase"]
[SourceDate "2008.11.26"]
[SourceVersion "1"]
[SourceVersionDate "2008.11.26"]
[SourceQuality "1"]

1. e4 g6 2. d4 c6 3. Nf3 d5 4. e5 Bf5 5. Nh4 Be6 6. Nf3 Na6 7. Ng5 Nc7 8. Be3 Bd7 9. Bd3 h6 10. Nf3 Qc8 11. 0-0 Bf5 12. Be2 e6 13. Nh4 g5 14. Nxf5 exf5 15. g3 Ne7 16. Bh5 Qe6 17. Nd2 Rg8 18. Kh1 0-0-0 19. Rc1 Ng6 20. c4 Kb8 21. Bxg6 Rxg6 22. f4 g4 23. a3 h5 24. Bf2 Be7 25. Nb3 dxc4 26. Nd2 b5 27. Qe2 Qd5+ 28. Kg1 Ne6 29. Nb1 Nxd4 30. Bxd4 Qxd4+ 31. Qf2 Bc5 32. Qxd4 Bxd4+ 33. Kg2 Bxb2 34. Rcd1 Rxd1 35. Rxd1 Kc7 36. Rd2 c3 37. Rc2 Kb6 38. Nxc3 Bxa3 39. Ne2 Bc5 40. Rd2 Re6 41. Nd4 Bxd4 42. Rxd4 c5 43. Rd7 f6 44. exf6 Rxf6 45. Rh7 c4 0-1

[Event "RLP-ch Seniors 26th"]
[Site "Ludwigshafen"]
[Date "2007.07.17"]
[Round "3"]
[White "Rahn, Oskar"]
[Black "Yusym, Anatoly"]
[Result "1-0"]
[WhiteElo "2122"]
[BlackElo "1724"]
[PlyCount "69"]
[EventDate "2007.07.15"]
[EventType "swiss"]
[EventRounds "7"]
[EventCountry "GER"]
[SourceTitle "EXT 2009"]
[Source "ChessBase"]
[SourceDate "2008.11.26"]
[SourceVersion "1"]
[SourceVersionDate "2008.11.26"]
[SourceQuality "1"]

1. e4 c5 2. Nf3 d6 3. d4 cxd4 4. Nxd4 Nf6 5. Nc3 a6 6. Be2 Nbd7 7. 0-0 g6 8. Kh1 Bg7 9. Be3 Ne5 10. f4 Neg4 11. Bg1 h5 12. Nf3 Bd7 13. e5 dxe5 14. fxe5 Nh7 15. Bc4 e6 16. Qe2 Ng5 17. Rad1 Qe7 18. Nxg5 Qxg5 19. Rxd7 Nxe5 20. Rdxf7 Nxf7 21. Qxe6+ Qe7 22. Qxe7+ Kxe7 23. Rxf7+ Kd6 24. Rxg7 Rac8 25. Rxg6+ Ke5 26. Bd3 Rce8 27. h4 Kf4 28. Bf2 Rhf8 29. Nd5+ Ke5 30. Rg5+ Kd6 31. Bg3+ Kc6 32. c4 b5 33. cxb5+ axb5 34. Bxb5+ Kxb5 35. Nc7+ 1-0

[Event "EU-ch Seniors 07th"]
[Site "Hockenheim"]
[Date "2007.06.10"]
[Round "9"]
[White "Hohler, Peter"]
[Black "Rahn, Oskar"]
[Result "1/2-1/2"]
[WhiteElo "2183"]
[BlackElo "2122"]
[PlyCount "41"]
[EventDate "2007.06.02"]
[EventType "swiss"]
[EventRounds "9"]
[EventCountry "GER"]
[SourceTitle "CBM 118 Extra"]
[Source "ChessBase"]
[SourceDate "2007.07.04"]
[SourceVersion "1"]
[SourceVersionDate "2007.07.04"]
[SourceQuality "1"]

1. d4 Nf6 2. c4 e6 3. Nc3 d5 4. Bg5 Be7 5. e3 Nbd7 6. Nf3 c6 7. Bd3 0-0 8. 0-0 Re8 9. Rc1 dxc4 10. Bxc4 Nd5 11. Bxe7 Qxe7 12. e4 Nxc3 13. Rxc3 b5 14. Bd3 Bb7 15. Qe2 b4 16. Rcc1 a5 17. Rfd1 Red8 18. Qe3 Rac8 19. Qe2 Ra8 20. Qe3 Rac8 21. Qe2 1/2-1/2

[Event "EU-ch Seniors 07th"]
[Site "Hockenheim"]
[Date "2007.06.03"]
[Round "2"]
[White "Rahn, Oskar"]
[Black "Egger, Herbert"]
[Result "1-0"]
[WhiteElo "2122"]
[BlackElo "1834"]
[PlyCount "63"]
[EventDate "2007.06.02"]
[EventType "swiss"]
[EventRounds "9"]
[EventCountry "GER"]
[SourceTitle "CBM 118 Extra"]
[Source "ChessBase"]
[SourceDate "2007.07.04"]
[SourceVersion "1"]
[SourceVersionDate "2007.07.04"]
[SourceQuality "1"]

1. e4 e5 2. Nf3 Nc6 3. d4 exd4 4. Nxd4 Nxd4 5. Qxd4 c5 6. Qd1 Ne7 7. Nc3 Ng6 8. Be2 Be7 9. 0-0 0-0 10. Be3 d6 11. f4 Bd7 12. Qd2 Bc6 13. Nd5 Bxd5 14. Qxd5 Qc7 15. Rad1 Rad8 16. Rf3 Bf6 17. Rh3 Rfe8 18. c3 a6 19. a4 Ne7 20. Qh5 h6 21. g4 Ng6 22. g5 hxg5 23. f5 Rxe4 24. fxg6 Rh4 25. Rxh4 gxh4 26. Bc4 Kf8 27. gxf7 b6 28. Bf4 Be5 29. Bxe5 dxe5 30. Rxd8+ Qxd8 31. Qh8+ Ke7 32. Qxd8+ 1-0

[Event "Bad Woerishofen Seniors opA 23rd"]
[Site "Bad Woerishofen"]
[Date "2007.03.15"]
[Round "8"]
[White "Rahn, Oskar"]
[Black "Richter, Gerhard"]
[Result "1-0"]
[WhiteElo "2002"]
[BlackElo "1791"]
[PlyCount "57"]
[EventDate "2007.03.08"]
[EventType "swiss"]
[EventRounds "9"]
[EventCountry "GER"]
[SourceTitle "EXT 2022"]
[Source "ChessBase"]
[SourceDate "2021.10.06"]
[SourceVersion "1"]
[SourceVersionDate "2021.10.06"]
[SourceQuality "1"]

1. d4 c5 2. c3 cxd4 3. cxd4 f5 4. Nc3 Nf6 5. Nf3 g6 6. g3 Bg7 7. Bg2 e6 8. Qb3 d5 9. Bf4 a6 10. 0-0 0-0 11. Rac1 Nc6 12. Rfd1 Nh5 13. Be5 Nxe5 14. Nxe5 Nf6 15. Na4 b5 16. Nc5 Ne4 17. Ncd3 g5 18. Qb4 Bb7 19. f3 Nd6 20. Nc6 Bxc6 21. Rxc6 Nc4 22. Nc5 a5 23. Qc3 b4 24. Qc1 Re8 25. Rxe6 h6 26. f4 Bxd4+ 27. Rxd4 Rxe6 28. Nxe6 Qb6 29. Bxd5 1-0

[Event "Bad Woerishofen Seniors opA 23rd"]
[Site "Bad Woerishofen"]
[Date "2007.03.13"]
[Round "6"]
[White "Rahn, Oskar"]
[Black "Mueller, Helmut1111"]
[Result "0-1"]
[WhiteElo "2002"]
[BlackElo "1828"]
[PlyCount "60"]
[EventDate "2007.03.08"]
[EventType "swiss"]
[EventRounds "9"]
[EventCountry "GER"]
[SourceTitle "EXT 2022"]
[Source "ChessBase"]
[SourceDate "2021.10.06"]
[SourceVersion "1"]
[SourceVersionDate "2021.10.06"]
[SourceQuality "1"]

1. e4 e5 2. Nf3 Nc6 3. d4 exd4 4. Nxd4 Nxd4 5. Qxd4 d6 6. Nc3 Nf6 7. Bc4 Be7 8. h3 c6 9. Be3 b5 10. Bb3 c5 11. Qd2 c4 12. Nxb5 cxb3 13. axb3 a6 14. f3 Bb7 15. Nc3 0-0 16. 0-0 Qc7 17. Rfd1 Rfd8 18. Qf2 Nd7 19. Nd5 Bxd5 20. Rxd5 Rdc8 21. c3 a5 22. Qg3 Nf6 23. Bd4 Ne8 24. Ra4 Qb7 25. Qg4 Rd8 26. Rdxa5 Rxa5 27. Rxa5 Qxb3 28. Ra7 Bf6 29. Rd7 Ra8 30. Kh2 Bxd4 0-1

[Event "Bad Woerishofen Seniors opA 23rd"]
[Site "Bad Woerishofen"]
[Date "2007.03.12"]
[Round "5"]
[White "Smits, Oswald"]
[Black "Rahn, Oskar"]
[Result "1/2-1/2"]
[WhiteElo "1845"]
[BlackElo "2002"]
[PlyCount "120"]
[EventDate "2007.03.08"]
[EventType "swiss"]
[EventRounds "9"]
[EventCountry "GER"]
[SourceTitle "EXT 2022"]
[Source "ChessBase"]
[SourceDate "2021.10.06"]
[SourceVersion "1"]
[SourceVersionDate "2021.10.06"]
[SourceQuality "1"]

1. d4 d5 2. Nf3 Nf6 3. e3 e6 4. Bd3 Nbd7 5. Nbd2 c5 6. c3 Be7 7. 0-0 0-0 8. Re1 b6 9. e4 dxe4 10. Nxe4 Bb7 11. Nxf6+ Nxf6 12. Bg5 cxd4 13. Bxf6 Bxf6 14. Nxd4 g6 15. Be4 Bxe4 16. Rxe4 Qd5 17. Qe2 Rad8 18. Nf3 Rd7 19. c4 Qd6 20. Re1 Rfd8 21. g3 Qc6 22. b3 Qc5 23. Qe3 Rd3 24. Qxc5 bxc5 25. Kg2 R8d6 26. R4e3 Rxe3 27. Rxe3 Kf8 28. Re2 Ke7 29. Nd2 Rd3 30. Ne4 Bd4 31. Rd2 Rxd2 32. Nxd2 f5 33. f4 e5 34. fxe5 Bxe5 35. Nf3 Bc3 36. Ng1 Kf6 37. Ne2 Bd2 38. Ng1 Be3 39. Nf3 g5 40. Ne1 g4 41. Nd3 a5 42. Kf1 f4 43. gxf4 Kf5 44. Kg2 Ke4 45. Ne5 Kxf4 46. Nc6 Bd2 47. Nd8 Bb4 48. Nb7 h5 49. a3 Bxa3 50. Nxa5 h4 51. Nc6 Ke4 52. Ne7 Bc1 53. Nd5 Bg5 54. b4 cxb4 55. Nxb4 Kd4 56. c5 Kxc5 57. Nd3+ Kd4 58. Ne1 Ke3 59. Nf3 Bf6 60. Ng1 Be7 1/2-1/2

[Event "Bad Woerishofen Seniors opA 23rd"]
[Site "Bad Woerishofen"]
[Date "2007.03.11"]
[Round "4"]
[White "Rahn, Oskar"]
[Black "Ljubarskij, Jurij"]
[Result "0-1"]
[WhiteElo "2002"]
[BlackElo "2206"]
[PlyCount "80"]
[EventDate "2007.03.08"]
[EventType "swiss"]
[EventRounds "9"]
[EventCountry "GER"]
[SourceTitle "EXT 2022"]
[Source "ChessBase"]
[SourceDate "2021.10.06"]
[SourceVersion "1"]
[SourceVersionDate "2021.10.06"]
[SourceQuality "1"]

1. e4 e5 2. Nf3 Nc6 3. d4 exd4 4. Nxd4 Qf6 5. Nxc6 Bc5 6. Qd2 dxc6 7. Bd3 Be6 8. Qf4 Qe7 9. 0-0 Nf6 10. Be3 0-0-0 11. Bxc5 Qxc5 12. Nd2 Qd4 13. Nb3 Qxb2 14. Qe3 Qa3 15. h3 Rhe8 16. Qg5 Nd7 17. Rfb1 c5 18. Be2 g6 19. Bf3 f6 20. Qc1 Qxc1+ 21. Rxc1 c4 22. Nd4 Ne5 23. c3 Bf7 24. Rd1 a6 25. Be2 c5 26. Nc2 Nd3 27. Ne3 Rxe4 28. Bf3 Re7 29. Rab1 b5 30. a3 f5 31. g3 Ne5 32. Rxd8+ Kxd8 33. Bg2 Nd3 34. Rd1 Rd7 35. f4 Kc7 36. Kf1 a5 37. Ra1 Kb6 38. Ke2 Nb2 39. Rb1 Na4 40. Rc1 Rd3 0-1

[Event "Bad Woerishofen Seniors opA 23rd"]
[Site "Bad Woerishofen"]
[Date "2007.03.09"]
[Round "2"]
[White "Rahn, Oskar"]
[Black "Schratzenstaller, Albert"]
[Result "1-0"]
[WhiteElo "2122"]
[BlackElo "1962"]
[PlyCount "81"]
[EventDate "2007.03.08"]
[EventType "swiss"]
[EventRounds "9"]
[EventCountry "GER"]
[SourceTitle "EXT 2008"]
[Source "ChessBase"]
[SourceDate "2007.11.25"]
[SourceVersion "1"]
[SourceVersionDate "2007.11.25"]
[SourceQuality "1"]

1. e4 d6 2. d4 g6 3. Nc3 Bg7 4. f4 c5 5. Be3 b6 6. Nf3 Nf6 7. Bb5+ Bd7 8. Bc4 e6 9. dxc5 dxc5 10. Ne5 0-0 11. Qf3 a6 12. Nxd7 Nfxd7 13. e5 Ra7 14. a4 Qc7 15. 0-0 Nc6 16. Rad1 Rc8 17. Kh1 Ndb8 18. Ne4 Rd8 19. Qg3 Qe7 20. Rxd8+ Qxd8 21. Qf3 Rd7 22. c3 Ne7 23. Nd6 Nc8 24. Nxf7 Kxf7 25. f5 Kg8 26. Bxe6+ Kh8 27. fxg6 Re7 28. Qh3 Bxe5 29. Bxc8 Qg8 30. Bf5 Qc4 31. Rd1 Nc6 32. Qf3 Qh4 33. g3 Bxg3 34. Qxg3 Qxg3 35. hxg3 Rxe3 36. gxh7 Rf3 37. g4 Rh3+ 38. Kg2 Rh6 39. Re1 b5 40. Re8+ Kg7 41. Rg8+ 1-0

[Event "Pfalz-ch Seniors 75th"]
[Site "Kaiserslautern"]
[Date "2006.04.13"]
[Round "5"]
[White "Rahn, Oskar"]
[Black "Wild, Heinz Oskar"]
[Result "1-0"]
[WhiteElo "2047"]
[BlackElo "1755"]
[PlyCount "107"]
[EventDate "2006.04.07"]
[EventType "swiss"]
[EventRounds "7"]
[EventCountry "GER"]
[SourceTitle "EXT 2007"]
[Source "ChessBase"]
[SourceDate "2006.11.23"]
[SourceVersion "1"]
[SourceVersionDate "2006.11.23"]
[SourceQuality "1"]

1. e4 c5 2. Nf3 d6 3. d4 cxd4 4. Nxd4 Nf6 5. Nc3 a6 6. Bc4 e5 7. Nde2 Nbd7 8. a4 Nc5 9. f3 Be6 10. Nd5 Nxd5 11. Bxd5 Bxd5 12. Qxd5 Qc7 13. 0-0 Be7 14. Be3 0-0 15. b3 Ne6 16. c4 Rac8 17. Qd2 Qc6 18. Nc3 Nc7 19. a5 Rfe8 20. Qf2 f5 21. exf5 d5 22. Nxd5 Nxd5 23. cxd5 Qxd5 24. Rfd1 Qxb3 25. Qa2 Rc3 26. Qxb3+ Rxb3 27. Bb6 Rc8 28. Rac1 Rbc3 29. Rxc3 Rxc3 30. Rd5 Bf6 31. Kf2 h5 32. Rd2 Kh7 33. g3 Bg5 34. Re2 Bf6 35. h4 Rb3 36. Rd2 Rb5 37. Ke3 Rb3+ 38. Ke4 Rb4+ 39. Kd5 Rb3 40. Rf2 Rd3+ 41. Ke6 Rc3 42. g4 Rc6+ 43. Kf7 hxg4 44. fxg4 Bxh4 45. Rh2 Rh6 46. Re2 Rf6+ 47. Ke8 Bg3 48. Bd8 Rc6 49. g5 Kg8 50. f6 gxf6 51. gxf6 Re6+ 52. Be7 Bh4 53. Rg2+ Kh7 54. Rh2 1-0